Geology for engineers and environmental scientists
Provides readers with an introduction to geology with a focus on real-world applications. Case histories in nearly every chapter help emphasize the relationship between geology and engineering. Has a solid background in the basics of geology including mineralogy, igneous, sedimentary, and metamorphi...
Сохранить в:
| Главный автор: | |
|---|---|
| Формат: | |
| Язык: | Undetermined |
| Опубликовано: |
Upper Saddle River, N.J
Prentice Hall,
2006
|
| Предметы: | |
| Метки: |
Добавить метку
Нет меток, Требуется 1-ая метка записи!
|
| Thư viện lưu trữ: | Trung tâm Học liệu Trường Đại học Cần Thơ |
|---|
| LEADER | 00862nam a2200193Ia 4500 | ||
|---|---|---|---|
| 001 | CTU_194848 | ||
| 008 | 210402s9999 xx 000 0 und d | ||
| 082 | |a 624.151 | ||
| 082 | |b K28 | ||
| 100 | |a Kehew, Alan E. | ||
| 245 | 0 | |a Geology for engineers and environmental scientists | |
| 245 | 0 | |c Alan E. Kehew. | |
| 260 | |a Upper Saddle River, N.J | ||
| 260 | |b Prentice Hall, | ||
| 260 | |c 2006 | ||
| 520 | |a Provides readers with an introduction to geology with a focus on real-world applications. Case histories in nearly every chapter help emphasize the relationship between geology and engineering. Has a solid background in the basics of geology including mineralogy, igneous, sedimentary, and metamorphic | ||
| 650 | |a Engineering geology.,Địa chất công trình | ||
| 904 | |i Tuyến | ||
| 980 | |a Trung tâm Học liệu Trường Đại học Cần Thơ | ||